000 00592nam a22002537a 4500
003 UA-OsUOA
001 24245
007 ta
008 20040211b un ||||| |||| 00| 0 ukr d
100 _aАннерс Э.
090 _a341(091)
_bА64
942 _cBK
040 _aUA-OsUOA
_brus
_cUA-OsUOA
_dUA-OsUOA
245 _aИстория европейського права
300 _a395 с.
955 _a0
041 _arus
080 _a341(091)
020 _a5-02-008330-5
260 _aМосква
_bНаука
_c1999
044 _aRU
650 7 _2UDC
999 _c310512
_d310512